000
00339nam a22001217a 4500
040
_c
HS
082
_a
639
100
_a
HUOT KONGHEANG
245
_a
វារីវប្បកម្មរួមផ្សំ intergrated aquaculture
260
_a
prek leap national school of agriculture
_b
HUOT KONGHEANG
_c
NA
300
_a
61p.
942
_c
KB
999
_c
8843
_d
8843